20th Century Writers - Statistics

General Stats
  • This quiz has been taken 75 times
  • The average score is 28 of 35
Answer Stats
Hint Answer % Correct
Harry Potter J.K. Rowling
100%
Murder on the Orient Express Agatha Christie
98%
Stories of Sherlock Holmes / The Lost World Arthur Conan Doyle
98%
Angels & Demons / The Da Vinci Code / Inferno Dan Brown
98%
Animal Farm / 1984 George Orwell
98%
It / The Shining / Misery / Carrie Stephen King
98%
The Diary of a Young Girl Anne Frank
97%
The Old Man and the Sea Ernest Hemingway
97%
The Great Gatsby F. Scott Fitzgerald
97%
The Lord of the Rings / The Hobbit J.R.R. Tolkien
97%
Dracula Bram Stoker
95%
Lolita / Pale Fire Vladimir Nabokov
95%
Ulysses James Joyce
94%
The Godfather / The Sicilian Mario Puzo
94%
Little Prince Antoine de Saint-Exupery
92%
To Kill a Mockingbird Harper Lee
92%
The Catcher in the Rye J.D. Salinger
92%
One Hundred Years of Solitude Gabriel Garcia Marquez
89%
Game of Thrones George R.R. Martin
89%
Stranger / The Plague / The Myth of Sisyphus Albert Camus
85%
Waiting for Godot Samuel Beckett
85%
The Trial Franz Kafka
84%
The Kite Runner Khaled Hosseini
82%
Demian / Steppenwolf / Siddhartha Hermann Hesse
81%
Mrs. Dalloway Virginia Woolf
81%
The Master and Margarita Mikhail Bulgakov
79%
The Alchemist Paulo Coelho
79%
A Passage to India E.M. Forster
71%
The Sound and the Fury William Faulkner
69%
And Quiet Flows the Don Mikhail Sholokhov
52%
The Wheel of Time Robert Jordan
44%
The Secret Diary of Adrian Mole Sue Townsend
44%
Sleepwalking Romance Federico Garcia Lorca
32%
The Twelve Alexander Blok
29%
The Wait Jorge Luis Borges
27%
No matching quizzes found
Score Distribution
Percent of People with Each Score
Percentile by Number Answered
Your Score History
You have not taken this quiz